Stuck in the Middle with 'D' Quiz Stats

 Plays Quiz Updated Aug 4, 2016

Challenge
Share
Tweet
Embed
Score 0/25 Timer 05:00
2 Plays Today
% Correct
den
94.1%
dab
93.7%
disc
93%
ding
92.7%
did
92.4%
dive
92.3%
dip
92%
dice
92%
doc
91.9%
dam
91.4%
do
90.9%
deli
90.5%
dim
90.4%
% Correct
dish
90%
dot
89.3%
die
88.1%
dad
88%
deal
87.7%
demo
87.3%
duct
87.2%
dial
87%
doe
86.6%
dome
86.1%
dig
85.7%
dew
85.7%

You're not logged in!

Compare scores with friends on all Sporcle quizzes.
OR
Log In

You Might Also Like...

Show Comments

Extras

Top Quizzes Today


Score Distribution

Your Account Isn't Verified!

In order to create a playlist on Sporcle, you need to verify the email address you used during registration. Go to your Sporcle Settings to finish the process.

Report this User

Report this user for behavior that violates our Community Guidelines.

Details: